[Event "Barcelona Sant Marti op 7th"]
[Site "Barcelona"]
[Date "2018.03.01"]
[Round "8"]
[White "Gomez Fernandez, Miquel"]
[Black "Sagar, Siya"]
[Result "0-1"]
[WhiteElo "1516"]
[BlackElo "1199"]
[PlyCount "82"]
[EventDate "2018.01.11"]
[EventType "swiss"]
[EventRounds "9"]
[EventCountry "ESP"]
[SourceTitle "EXT 2019"]
[Source "ChessBase"]
[SourceDate "2018.10.10"]
[SourceVersion "1"]
[SourceVersionDate "2018.10.10"]
[SourceQuality "1"]

1. d4 Nf6 2. Nc3 d5 3. Nf3 g6 4. e3 Bg7 5. Bd3 0-0 6. 0-0 Nbd7 7. Ne2 b6 8. Re1 c5 9. c4 Bb7 10. Ng3 Rc8 11. b3 e6 12. Rb1 Re8 13. Bb2 Ne4 14. Bxe4 dxe4 15. Nd2 f5 16. Ne2 g5 17. dxc5 Nxc5 18. Bxg7 Kxg7 19. Qc2 Qf6 20. Rf1 Kh8 21. Ng3 Qg6 22. f3 exf3 23. Nxf3 Bxf3 24. Rxf3 g4 25. Rf4 Rcd8 26. Rd4 Rxd4 27. exd4 Nd7 28. Re1 Nf6 29. Qc3 f4 30. Nf1 f3 31. g3 f2+ 32. Kxf2 Ne4+ 33. Rxe4 Qxe4 34. d5+ e5 35. Kg1 Rf8 36. Ne3 Rf3 37. d6 Qxe3+ 38. Qxe3 Rxe3 39. d7 Rd3 40. c5 bxc5 41. b4 cxb4 0-1

[Event "Barcelona Sant Marti op 7th"]
[Site "Barcelona"]
[Date "2018.01.18"]
[Round "2"]
[White "Valarezo Ricard, Pedro"]
[Black "Gomez Fernandez, Miquel"]
[Result "0-1"]
[WhiteElo "1858"]
[BlackElo "1516"]
[PlyCount "106"]
[EventDate "2018.01.11"]
[EventType "swiss"]
[EventRounds "9"]
[EventCountry "ESP"]
[SourceTitle "EXT 2019"]
[Source "ChessBase"]
[SourceDate "2018.10.10"]
[SourceVersion "1"]
[SourceVersionDate "2018.10.10"]
[SourceQuality "1"]

1. d4 d5 2. Nf3 c6 3. Bf4 Bg4 4. Ne5 Qd6 5. Bg3 Bf5 6. c3 Qd8 7. Nd2 Nd7 8. e3 Nxe5 9. Bxe5 e6 10. Be2 Nf6 11. g4 Be4 12. f3 Bg6 13. h4 h5 14. g5 Nd7 15. Bg3 f5 16. Bd3 c5 17. Qe2 c4 18. Bc2 b5 19. a3 Nb6 20. 0-0 Bd6 21. Qh2 Bxg3 22. Qxg3 0-0 23. Qg2 Qd6 24. Rae1 Rae8 25. f4 Rb8 26. Nf3 Nd7 27. Bd1 a5 28. Rf2 b4 29. axb4 axb4 30. Ba4 b3 31. Bxd7 Qxd7 32. Ne5 Qe8 33. Ra1 Kh7 34. Rff1 Ra8 35. Ra3 Rxa3 36. bxa3 Qa4 37. Ra1 Rb8 38. Qb2 Be8 39. g6+ Bxg6 40. Kh2 Be8 41. Nf3 Qa7 42. Ng5+ Kg8 43. Rg1 Qe7 44. Qg2 b2 45. Rb1 Qxa3 46. Nxe6 Qe7 47. Nxg7 Qxg7 48. Qxd5+ Qf7 49. Rg1+ Kh7 50. Qxf7+ Bxf7 51. Rb1 Be8 52. Kg2 Ba4 53. e4 fxe4 0-1

[Event "Barcelona Sant Marti op 6th"]
[Site "Barcelona"]
[Date "2017.03.09"]
[Round "9"]
[White "Ylla Soro, Rafael"]
[Black "Gomez Fernandez, Miquel"]
[Result "1/2-1/2"]
[WhiteElo "1649"]
[BlackElo "1559"]
[PlyCount "50"]
[EventDate "2017.01.12"]
[EventType "swiss"]
[EventRounds "9"]
[EventCountry "ESP"]
[SourceTitle "EXT 2018"]
[Source "ChessBase"]
[SourceDate "2017.10.13"]
[SourceVersion "1"]
[SourceVersionDate "2017.10.13"]
[SourceQuality "1"]

1. e4 c5 2. Nc3 Nc6 3. g3 Nf6 4. Bg2 e5 5. Nge2 Be7 6. d3 h6 7. 0-0 0-0 8. h3 b6 9. Kh2 Nd4 10. Nd5 Nxd5 11. exd5 d6 12. c3 Nxe2 13. Qxe2 f5 14. f4 Bf6 15. fxe5 Bxe5 16. Bf4 Qf6 17. Rae1 Bxf4 18. gxf4 Bd7 19. Qe7 Qxe7 20. Rxe7 Rf7 21. Rfe1 Kf8 22. R7e3 Re8 23. Bf3 Rxe3 24. Rxe3 Re7 25. Rxe7 Kxe7 1/2-1/2

[Event "Barcelona Sant Marti op 6th"]
[Site "Barcelona"]
[Date "2017.02.16"]
[Round "6"]
[White "Gomez Fernandez, Miquel"]
[Black "Rovira Puig, Ricardo"]
[Result "1-0"]
[WhiteElo "1559"]
[BlackElo "1166"]
[PlyCount "85"]
[EventDate "2017.01.12"]
[EventType "swiss"]
[EventRounds "9"]
[EventCountry "ESP"]
[SourceTitle "EXT 2018"]
[Source "ChessBase"]
[SourceDate "2017.10.13"]
[SourceVersion "1"]
[SourceVersionDate "2017.10.13"]
[SourceQuality "1"]

1. d4 e6 2. c4 c5 3. d5 exd5 4. cxd5 Nf6 5. Nc3 d6 6. e4 Nbd7 7. Nf3 g6 8. Bd3 Bg7 9. 0-0 Ne5 10. Nxe5 dxe5 11. Bg5 0-0 12. Qd2 Re8 13. Be2 Bd7 14. Rad1 Qa5 15. Qc2 a6 16. b3 b5 17. a4 b4 18. Nb1 Bg4 19. Bxf6 Bxe2 20. Qxe2 Bxf6 21. Nd2 Qd8 22. Nc4 Ra7 23. Qe3 Qc8 24. Nd6 Qd7 25. Nxe8 Qxe8 26. Qxc5 Rd7 27. Qxb4 h5 28. Rc1 Bd8 29. Rc6 a5 30. Qc4 Kg7 31. d6 Rb7 32. Rc8 Rb4 33. Qd5 Qd7 34. Rc4 Rxb3 35. Qxe5+ Bf6 36. Qd5 Qg4 37. Rc7 Kh6 38. Qxb3 h4 39. Qf3 Qg5 40. Rxf7 Be5 41. Qe3 Bxd6 42. Rh7+ Kxh7 43. Qxg5 1-0

[Event "Barcelona Sant Marti op-B 5th"]
[Site "Barcelona"]
[Date "2016.02.11"]
[Round "5"]
[White "Hinarejos Montano, Andres"]
[Black "Gomez Fernandez, Miquel"]
[Result "0-1"]
[WhiteElo "1611"]
[BlackElo "1594"]
[PlyCount "22"]
[EventDate "2016.01.14"]
[EventType "swiss"]
[EventRounds "9"]
[EventCountry "ESP"]
[SourceTitle "EXT 2017"]
[Source "ChessBase"]
[SourceDate "2016.10.25"]
[SourceVersion "1"]
[SourceVersionDate "2016.10.25"]
[SourceQuality "1"]

1. d4 d5 2. Nf3 Nc6 3. e3 Bg4 4. Be2 Nf6 5. 0-0 e6 6. c4 Be7 7. cxd5 Nxd5 8. Nc3 0-0 9. h3 Bf5 10. a3 a6 11. Bd2 Bd6 0-1

[Event "Barcelona Sant Marti op-B 5th"]
[Site "Barcelona"]
[Date "2016.01.14"]
[Round "1"]
[White "Subirana Santos, Marc"]
[Black "Gomez Fernandez, Miquel"]
[Result "1-0"]
[WhiteElo "1701"]
[BlackElo "1594"]
[PlyCount "117"]
[EventDate "2016.01.14"]
[EventType "swiss"]
[EventRounds "9"]
[EventCountry "ESP"]
[SourceTitle "EXT 2017"]
[Source "ChessBase"]
[SourceDate "2016.10.25"]
[SourceVersion "1"]
[SourceVersionDate "2016.10.25"]
[SourceQuality "1"]

1. c4 c5 2. Nc3 Nf6 3. g3 Nc6 4. Bg2 e6 5. Nf3 a6 6. 0-0 Be7 7. d3 h6 8. a3 0-0 9. Rb1 d6 10. Bd2 Qc7 11. b4 cxb4 12. axb4 d5 13. b5 axb5 14. Nxb5 Qd8 15. cxd5 exd5 16. h3 Be6 17. Nbd4 Rb8 18. Nxc6 bxc6 19. Qa4 Rxb1 20. Rxb1 Qd7 21. Ne5 Qc8 22. Nxc6 Bd6 23. Qc2 Bxh3 24. Bf4 Ba3 25. Rb8 Qe6 26. Nd4 Qd7 27. Rxf8+ Bxf8 28. Qc6 Qxc6 29. Nxc6 Bxg2 30. Kxg2 Kh7 31. Kf3 Bc5 32. d4 Ba3 33. Ne5 Kg8 34. Nd3 Ne4 35. Be3 f6 36. Nf4 Nc3 37. Bd2 Ne4 38. Ba5 Ng5+ 39. Kg2 Bb2 40. e3 Ba3 41. Nxd5 Kf7 42. f3 Bc1 43. e4 Bb2 44. Bc3 Bxc3 45. Nxc3 Ne6 46. Nb5 Ke7 47. f4 Kd7 48. d5 Nc5 49. Kf3 Nb7 50. g4 Nc5 51. Nd4 g6 52. e5 fxe5 53. fxe5 Nd3 54. e6+ Ke8 55. Nc6 Nc5 56. Ne5 g5 57. Nf7 Ke7 58. Nxh6 Kd6 59. Nf5+ 1-0

[Event "Barcelona Sant Marti op-B 4th"]
[Site "Barcelona"]
[Date "2015.02.19"]
[Round "6"]
[White "Gomez Fernandez, Miquel"]
[Black "Pascual Gonzalez, Novelles David"]
[Result "0-1"]
[WhiteElo "1781"]
[BlackElo "1857"]
[PlyCount "122"]
[EventDate "2015.01.15"]
[EventType "swiss"]
[EventRounds "9"]
[EventCountry "ESP"]
[SourceTitle "EXT 2016"]
[Source "ChessBase"]
[SourceDate "2015.10.08"]
[SourceVersion "1"]
[SourceVersionDate "2015.10.08"]
[SourceQuality "1"]

1. d4 d5 2. c4 c6 3. c5 Nf6 4. Nc3 g6 5. Bf4 Bg7 6. Qd2 0-0 7. Bh6 Nbd7 8. Bxg7 Kxg7 9. Nf3 Re8 10. b4 e5 11. Nxe5 Nxe5 12. dxe5 Rxe5 13. e3 Bf5 14. Bd3 Bxd3 15. Qxd3 d4 16. 0-0-0 Qe7 17. Qxd4 Re8 18. Rd3 Kg8 19. h3 Ne4 20. Nxe4 Rxe4 21. Qb2 Rc4+ 22. Rc3 Qe4 23. Rd1 Rxb4 24. Rb3 Rc4+ 25. Rc3 Rxc3+ 26. Qxc3 Qxg2 27. Qb2 Rb8 28. Qe5 Rf8 29. Qg3 Qxg3 30. fxg3 Re8 31. Rd3 Re4 32. Rb3 Rc4+ 33. Kd2 Rxc5 34. Rxb7 Ra5 35. Rb2 Kg7 36. Rc2 Rd5+ 37. Ke2 Rd6 38. Rc5 Kf6 39. Ra5 Rd7 40. e4 Ke6 41. Ke3 f6 42. h4 Kd6 43. Kd4 Rb7 44. Ra6 h5 45. Ra5 Ke6 46. Kc5 Kd7 47. Ra6 Rc7 48. Kd4 Kd6 49. Ra5 c5+ 50. Kc4 Ke5 51. Kd3 g5 52. hxg5 fxg5 53. Ra4 h4 54. gxh4 gxh4 55. Rc4 h3 56. Rc1 c4+ 57. Ke3 c3 58. Kf3 c2 59. Kg3 Rc3+ 60. Kh2 Kxe4 61. Kg1 Kd3 0-1

[Event "Collado Villalba op-B 26th"]
[Site "Collado Villalba"]
[Date "2009.08.21"]
[Round "1"]
[White "Gomez Fernandez, Miquel"]
[Black "Camarero Izquierdo, Juan Carlos"]
[Result "0-1"]
[WhiteElo "1658"]
[BlackElo "1950"]
[PlyCount "52"]
[EventDate "2009.08.21"]
[EventType "swiss"]
[EventRounds "9"]
[EventCountry "ESP"]
[SourceTitle "EXT 2011"]
[Source "ChessBase"]
[SourceDate "2010.11.26"]
[SourceVersion "1"]
[SourceVersionDate "2010.11.26"]
[SourceQuality "1"]

1. d4 Nf6 2. c4 g6 3. Nc3 Bg7 4. e4 d6 5. Nf3 0-0 6. Bd3 Nc6 7. a3 a5 8. 0-0 e5 9. d5 Ne7 10. Bg5 h6 11. Be3 g5 12. h3 Ng6 13. Nh2 Nf4 14. Bxf4 gxf4 15. Be2 Kh8 16. Ng4 Nh7 17. Nh2 Rg8 18. Bg4 Bf6 19. Bxc8 Qxc8 20. Qh5 Rg6 21. Ng4 Qg8 22. Nxh6 Rxg2+ 23. Kh1 Qg6 24. Qxg6 Rxg6 25. Nf5 Ng5 26. h4 Nf3 0-1